Vista normal
Vista MARC
Entrada Topical Term
Número de registros utilizados en: 1
001 - CONTROL NUMBER
- control field: 37382
003 - CONTROL NUMBER IDENTIFIER
- control field: OSt
005 - DATE AND TIME OF LATEST TRANSACTION
- control field: 20210503144037.0
008 - FIXED-LENGTH DATA ELEMENTS
- fixed length control field: 210503|| aca||aabn | a|a d
040 ## - CATALOGING SOURCE
- Original cataloging agency: OSt
- Transcribing agency: OSt
150 ## - HEADING--TOPICAL TERM
- Topical term or geographic name entry element: Información económica
670 ## - SOURCE DATA FOUND
- Source citation: Work cat.: (OSt)11668: Contamine, Philippe, autor 37380, La economía medieval, 2000.